Winds of change (Record no. 73824)

MARC details
000 -LEADER
fixed length control field 01050cam a2200277 4500
001 - CONTROL NUMBER
control field ABS67249
008 - FIXED-LENGTH DATA ELEMENTS--GENERAL INFORMATION
fixed length control field 031121n2003 000 0 eng u
035 ## - SYSTEM CONTROL NUMBER
System control number (Sirsi) u124400
100 ## - MAIN ENTRY--PERSONAL NAME
Personal name Grieken, M. van
245 ## - TITLE STATEMENT
Title Winds of change
260 ## - PUBLICATION, DISTRIBUTION, ETC.
Date of publication, distribution, etc. 2003
490 ## - SERIES STATEMENT
Series statement Landscape Design
Volume/sequential designation (324) October 2003, 29-37(4)
520 ## - SUMMARY, ETC.
Summary, etc. Written from a landscape architect's point of view, this article considers the dramatic increase in planning applications for windfarms in Scotland, and examines the design implications. Considers the construction and planning implications within Scotland, and development of these farms, including SPP1 and PAN45. Looks at the design implications and the effect of windfarms on the landscape.
590 ## - LOCAL NOTE (RLIN)
Local note ABS
650 ## - SUBJECT ADDED ENTRY--TOPICAL TERM
Topical term or geographic name entry element SCOTLAND
650 ## - SUBJECT ADDED ENTRY--TOPICAL TERM
Topical term or geographic name entry element WINDFARMS
650 ## - SUBJECT ADDED ENTRY--TOPICAL TERM
Topical term or geographic name entry element SPP1
650 ## - SUBJECT ADDED ENTRY--TOPICAL TERM
Topical term or geographic name entry element PAN45
650 ## - SUBJECT ADDED ENTRY--TOPICAL TERM
Topical term or geographic name entry element PLANNING ISSUES
650 ## - SUBJECT ADDED ENTRY--TOPICAL TERM
Topical term or geographic name entry element DESIGN
690 ## - LOCAL SUBJECT ADDED ENTRY--TOPICAL TERM (OCLC, RLIN)
Topical term or geographic name as entry element ENVIRONMENTAL AND LAND CONSULTANCY-ENERGY
700 ## - ADDED ENTRY--PERSONAL NAME
Personal name Turnbull, M.
700 ## - ADDED ENTRY--PERSONAL NAME
Personal name Fletcher, S.
700 ## - ADDED ENTRY--PERSONAL NAME
Personal name McAulay, I.
942 ## - ADDED ENTRY ELEMENTS (KOHA)
Suppress in OPAC 0
Holdings
Withdrawn status Lost status Source of classification or shelving scheme Damaged status Not for loan Home library Current library Shelving location Date acquired Total Checkouts Full call number Barcode Date last seen Copy number Price effective from Koha item type
    Dewey Decimal Classification     London London Journal article 21/11/2003   ABS67249 124400-1001 06/08/2019 1 06/08/2019 Journal article